000
00285nam a22001337a 4500
008
170531b xxu||||| |||| 00| 0 eng d
020
_a
0130251984
041
_a
eng
080
_2
2ND
_a
94(7/8)
100
_a
17
101
_a
SHH
245
_a
AMERICA
_c
RISJORD, N.K
942
_2
udc
_c
BK
999
_c
15172
_d
15172